The Administrators handbook for early childhood education

Bibliographic Details
Main Author: Lorton, John W
Other Authors: Walley, Bertha L
Format: Book
Published: Atlanta : Humanics Limited , 1987
Subjects:

MARC

LEADER 00000cam a2200000 7i4500
001 0000006464
002 000006976
005 20000330.0
020 |a 0893340944 
090 0 0 |a 372.216   |b LOR 
100 1 |a Lorton, John W 
245 1 4 |a The Administrators handbook for early childhood education   |c John W.Lorton and Bertha L.Walley 
260 |a Atlanta :   |b Humanics Limited ,   |c 1987 
300 |a 145p. ;   |c 23cm. 
650 0 0 |a Nursery school   |z United States   |x Administration 
700 1 |a Walley, Bertha L 
999 |a 049132   |b BUKU   |c PINJAMAN   |e PERPUSTAKAAN KOMUNITI PETALING JAYA